Statystyki dla Pokémony i ich ewolucje (Sinnoh)

Kliknij tutaj aby rozwiązać quiz!

Ogólne statystyki

  • Ten quiz został rozwiązany 21 razy
  • Średni wynik to 13 z 21

Statystyki odpowiedzi

PokémonEwolucja% Poprawnych
BidoofBibarel
100%
RioluLucario
90%
SnoverAbomasnow
80%
CroagunkToxicroak
80%
BronzorBronzong
75%
CranidosRampardos
75%
SkorupiDrapion
70%
KricketotKricketune
70%
DrifloonDrifblim
65%
HippopotasHippowdon
65%
BunearyLopunny
60%
ShieldonBastiodon
55%
BuizelFloatzel
55%
Combee♀Vespiqueen
55%
ShellosGastrodon
50%
GlameowPurugly
50%
StunkySkuntank
50%
Burmy♀Wormadam
45%
CherubiCherrim
40%
Burmy♂Mothim
40%
FinneonLumineon
35%

Rozkład punktacji

Percentyl według liczby udzielonych odpowiedzi

Procent ludzi z każdym wynikiem

Twoja historia wyników

Nie rozwiązałeś tego quizu